| 000 | 00606nam a2200193 a 4500 | ||
|---|---|---|---|
| 005 | 20220930064307.0 | ||
| 008 | 020903s1996 mx r 000 0 spa d | ||
| 020 | _a9688957151 | ||
| 035 | _aUPN01000118873 | ||
| 049 | _aCG | ||
| 050 | 4 |
_aLE7.3731 G192 _bU5.2 |
|
| 110 | 2 |
_aUniversidad de Guadalajara _924105 |
|
| 245 | 1 | 0 |
_aCertidumbre y esperanza : _bplan institucional de desarrollo 1995-2001 / _cUniversidad de Guadalajara. |
| 260 |
_aGuadalajara : _bU. de G., _c1996. |
||
| 300 |
_a152 p. : _bcuadrs., gráfs. |
||
| 610 | 2 | 7 |
_aUniversidad de Guadalajara _2 _924105 |
| 902 | _aMMA/mva | ||
| 905 | _aLibro | ||
| 999 |
_c91236 _d91236 |
||